Statistics for Kim Basinger Filmography

Click here to take the quiz!

General Stats

  • This quiz has been taken 8 times
  • The average score is 14 of 55

Answer Stats

TypeYearName% Correct
Film1997L.A. Confidential
100%
Film19869½ Weeks
88%
Film2004Cellular
63%
Film1989Batman
63%
Film1983Never Say Never Again
63%
TV Show1998The Simpsons
50%
Film20028 Mile
38%
Film1991The Marrying Man
38%
Film2004Elvis Has Left the Building
38%
Film1988My Stepmother Is an Alien
38%
Film1984The Natural
38%
Film1992Cool World
38%
Film1992Final Analysis
38%
Film1987Nadine
38%
TV Show1976Charlie's Angels
38%
Film1994The Getaway
38%
Film1987Blind Date
38%
Film1993The Real McCoy
25%
Music Video1993Mary Jane's Last Dance
25%
Film2000Bless the Child
25%
Film1993Wayne's World 2
25%
Film1985Fool for Love
25%
Film2017Fifty Shades Darker
25%
TV Film2006The Mermaid Chair
13%
Film2008The Burning Plain
13%
Film2008While She Was Out
13%
Film2008The Informers
13%
Film2010Charlie St. Cloud
13%
Film2012Black November
13%
Film2013Third Person
13%
Film2013Grudge Match
13%
Film2006Even Money
13%
Film20144 Minute Mile
13%
Film2014The 11th Hour
13%
Film2016The Nice Guys
13%
Film2006The Sentinel
13%
TV Show1976Gemini Man
13%
Film2004The Door in the Floor
13%
TV Mini-Series1979From Here to Eternity
13%
TV Show1977McMillan & Wife
13%
TV Show1977The Six Million Dollar Man
13%
TV Show1977Dog and Cat
13%
TV Film1978The Ghost of Flight 401
13%
TV Film1978Katie: Portrait of a Centerfold
13%
TV Show1978Vega$
13%
TV Show1980From Here to Eternity
13%
Film2002People I Know
13%
Film1981Hard Country
13%
TV Film1981Killjoy
13%
Film1982Mother Lode
13%
Film1983The Man Who Loved Women
13%
Film1986No Mercy
13%
Film1994Prêt-à-Porter
13%
Film2000I Dreamed of Africa
13%
Film2018Fifty Shades Freed
13%

Score Distribution

Percentile by Number Answered

Percent of People with Each Score

Your Score History

You have not taken this quiz